| 000 | 00000nam 2200000zi 4500 |
| 001 | 9.923599 |
| 003 | CaOODSP |
| 005 | 20240626135504 |
| 006 | m o d f |
| 007 | cr |n||||||||| |
| 008 | 230124e195002 abcab ob f000 0 eng d |
| 040 | |aCaOODSP|beng|erda|cCaOODSP |
| 043 | |an-cn-ab|an-cn-nt|an-cn-yk |
| 086 | 1 |aCW66-1096/1950E-PDF |
| 100 | 1 |aSoper, J. Dewey|q(Joseph Dewey),|d1893-1982 |eauthor. |
| 245 | 10|aBiological investigations in northern Alberta and the Northwest and Yukon Territories of Canada, 1949 / |cby J. Dewey Soper. |
| 264 | 1|aEdmonton, Alberta : |bFederal Wildlife Division, Department of Resources and Development, |cFebruary 1950. |
| 300 | |a1 online resource (97 pages) : |billustrations, map |
| 336 | |atext|btxt|2rdacontent |
| 337 | |acomputer|bc|2rdamedia |
| 338 | |aonline resource|bcr|2rdacarrier |
| 500 | |aDigitized edition from print [produced by Environment and Climate Change Canada]. |
| 504 | |aIncludes bibliographical references (pages 96-97). |
| 650 | 0|aWaterfowl|zAlberta. |
| 650 | 0|aWaterfowl|zNorthwest Territories. |
| 650 | 0|aWaterfowl|zYukon. |
| 650 | 6|aGibier d'eau|zAlberta. |
| 650 | 6|aGibier d'eau|zTerritoires du Nord-Ouest. |
| 650 | 6|aGibier d'eau|zYukon. |
| 710 | 2 |aCanadian Wildlife Service, |eissuing body. |
| 856 | 40|qPDF|s5.20 MB|uhttps://publications.gc.ca/collections/collection_2024/eccc/cw66/CW66-1096-1950-eng.pdf |